| 000 | 00610cab a2200205 4500 | ||
|---|---|---|---|
| 001 | L136191 | ||
| 008 | 070117n2007 000 0 eng u | ||
| 035 | _a(Sirsi) u136191 | ||
| 041 | 0 | _aeng | |
| 100 | 1 | _aCorben, Heather | |
| 245 | 0 | 0 | _aStamp it out once and for all |
| 260 | _c2007 | ||
| 490 | 0 |
_aEstates Gazette _v(0702) 13 January 2007, 22(1) |
|
| 520 | _aLooks at the new regulations surrounding Stamp Duty Land Tax which aim to eliminate avoidance. | ||
| 590 | _aKA | ||
| 650 | 2 | 4 | _aSTAMP DUTY LAND TAX |
| 651 | 4 |
_aEngland and Wales _y1543- |
|
| 690 | _aPROPERTY-PROPERTY TAXATION | ||
| 942 | _n0 | ||
| 999 |
_c78180 _d78180 |
||